| 000 | 00363nam a2200145Ia 4500 | ||
|---|---|---|---|
| 008 | 230917s9999||||xx |||||||||||||| ||und|| | ||
| 040 |
_e58640 _aMAIN |
||
| 041 | _aEnglish | ||
| 082 | _a382.1 B87I | ||
| 100 | _aBulchandani, K R | ||
| 245 | 0 | _aInternational economics | |
| 260 |
_aBombay _bHimalaya Publishing House _c1980 |
||
| 300 | _ax, 347 p. | ||
| 942 | _cBK | ||
| 999 |
_c215008 _d215008 |
||